The economics of development and planning (Record no. 2977)
[ view plain ]
| 000 -LEADER | |
|---|---|
| fixed length control field | 00581nam a22001457a 4500 |
| 020 ## - INTERNATIONAL STANDARD BOOK NUMBER | |
| International Standard Book Number | 9789327237177 |
| 082 ## - DEWEY DECIMAL CLASSIFICATION NUMBER | |
| Classification number | 330.917 |
| 100 ## - MAIN ENTRY--PERSONAL NAME | |
| Personal name | R.K. Lekhi |
| 245 ## - TITLE STATEMENT | |
| Title | The economics of development and planning |
| 260 ## - PUBLICATION, DISTRIBUTION, ETC. | |
| Place of publication, distribution, etc. | New Delhi |
| Name of publisher, distributor, etc. | Kalyani publishers |
| Date of publication, distribution, etc. | 2014 |
| 300 ## - PHYSICAL DESCRIPTION | |
| Extent | different pages |
| 942 ## - ADDED ENTRY ELEMENTS (KOHA) | |
| Koha item type | Book |
| Withdrawn status | Lost status | Damaged status | Not for loan | Collection code | Permanent Location | Current Location | Shelving location | Date acquired | Total Checkouts | Full call number | Barcode | Date last seen | Date last checked out | Price effective from | Koha item type |
|---|---|---|---|---|---|---|---|---|---|---|---|---|---|---|---|
| Central Library (CL) | Central Library (CL) | General Stacks | 03/30/2016 | 1 | 330.917 LEK | S3H-S-558 | 08/07/2020 | 11/14/2018 | 03/30/2016 | Book | |||||
| Central Library (CL) | Central Library (CL) | General Stacks | 06/02/2016 | 330.917 LEK | S3H-S-559 | 06/02/2016 | 06/02/2016 | Book |
